Northern Line London Underground (Any Order) - Statistics

General Stats
  • This quiz has been taken 2,448 times
  • The average score is 36 of 50
Answer Stats
Hint Answer % Correct
50 Morden
88%
35 Bank
87%
23 Euston
87%
31 King's Cross St. Pancras
86%
21 Camden Town
85%
32 Angel
83%
28 Charing Cross
82%
36 London Bridge
81%
26 Tottenham Court Road
80%
1 Edgware
79%
22 Mornington Crescent
79%
38 Elephant & Castle
78%
10 High Barnet
78%
39 Kennington
78%
30 Waterloo
78%
43 Clapham Common
77%
27 Leicester Square
77%
33 Old Street
77%
42 Clapham North
76%
40 Oval
76%
44 Clapham South
75%
25 Goodge Street
75%
34 Moorgate
74%
46 Tooting Bec
74%
24 Warren Street
74%
29 Embankment
73%
37 Borough
72%
14 Mill Hill East
71%
47 Tooting Broadway
71%
45 Balham
69%
18 Archway
68%
9 Chalk Farm
68%
41 Stockwell
68%
16 East Finchley
67%
6 Golders Green
67%
7 Hampstead
67%
17 Highgate
67%
20 Kentish Town
67%
49 South Wimbledon
67%
15 Finchley Central
66%
8 Belsize Park
62%
5 Brent Cross
61%
48 Colliers Wood
61%
13 West Finchley
60%
3 Colindale
59%
19 Tufnell Park
59%
2 Burnt Oak
57%
11 Totteridge &Whetstone
56%
4 Hendon Central
55%
12 Woodside Park
46%
No matching quizzes found
Score Distribution
Percent of People with Each Score
Percentile by Number Answered
Your Score History
You have not taken this quiz